Statistics for FIFA Ballon d'Or Dream Team

Click here to take the quiz!

General Stats

  • This quiz has been taken 569 times
  • The average score is 10 of 11

Answer Stats

PositionPlayerNationality% Correct
LMCristiano RonaldoPortugal
99%
RMLionel MessiArgentina
98%
STRonaldoBrazil
98%
CAMDiego MaradonaArgentina
92%
GKLev YashinSoviet Union
92%
CAMPeléBrazil
89%
CMXaviSpain
88%
LBPaolo MaldiniItaly
85%
RBCafuBrazil
84%
CBFranz BeckenbauerGermany
80%
CMLothar MatthäusGermany
65%

Score Distribution

Percentile by Number Answered

Percent of People with Each Score

Your Score History

You have not taken this quiz